Welcome to Marium Abdulla Library

Embrace knowledge with a breath of fresh air.

Browse Collection

Marium Abdulla Library

Perspective : (Record no. 15446)

MARC details
000 -LEADER
fixed length control field 01349cam a2200397 a 4500
001 - CONTROL NUMBER
control field 7707
003 - CONTROL NUMBER IDENTIFIER
control field OSt
005 - DATE AND TIME OF LATEST TRANSACTION
control field 20260115131727.0
008 - FIXED-LENGTH DATA ELEMENTS--GENERAL INFORMATION
fixed length control field 260115s1989 caua 000 0 eng d
010 ## - LIBRARY OF CONGRESS CONTROL NUMBER
LC control number 90157543
020 ## - INTERNATIONAL STANDARD BOOK NUMBER
International Standard Book Number 0929261135
035 ## - SYSTEM CONTROL NUMBER
System control number 4368279
035 ## - SYSTEM CONTROL NUMBER
System control number (OCoLC)20033236
040 ## - CATALOGING SOURCE
Original cataloging agency MiFli
Transcribing agency MiFli
Modifying agency DLC
042 ## - AUTHENTICATION CODE
Authentication code lccopycat
050 04 - LIBRARY OF CONGRESS CALL NUMBER
Classification number NC750
Item number .P78 1989
082 ## - DEWEY DECIMAL CLASSIFICATION NUMBER
Edition information 23
Classification number 742 POW
Item number 7707
100 1# - MAIN ENTRY--PERSONAL NAME
Personal name Powell, William F.
Titles and words associated with a name (Artist)
245 10 - TITLE STATEMENT
Title Perspective :
260 ## - PUBLICATION, DISTRIBUTION, ETC.
Place of publication, distribution, etc. Laguna Hills, CA
Name of publisher, distributor, etc. W. Foster Pub.,
Date of publication, distribution, etc. c1989.
300 ## - PHYSICAL DESCRIPTION
Extent 64 p. :
Other physical details ill. ;
Dimensions 25 cm.
336 ## - CONTENT TYPE
Content type term text
Content type code txt
Source rdacontent
337 ## - MEDIA TYPE
Media type term unmediated
Media type code n
Source rdamedia
338 ## - CARRIER TYPE
Carrier type term volume
Carrier type code nc
Source rdacarrier
490 1# - SERIES STATEMENT
Series statement Artist's library series ;
Volume/sequential designation AL13
500 ## - GENERAL NOTE
General note Cover title.
650 #0 - SUBJECT ADDED ENTRY--TOPICAL TERM
Topical term or geographic name entry element Perspective.
650 #0 - SUBJECT ADDED ENTRY--TOPICAL TERM
Topical term or geographic name entry element Drawing
General subdivision Technique.
830 #0 - SERIES ADDED ENTRY--UNIFORM TITLE
Uniform title Artist's library series ;
Volume/sequential designation v. 13.
856 42 - ELECTRONIC LOCATION AND ACCESS
Materials specified Publisher description
Uniform Resource Identifier <a href="http://www.loc.gov/catdir/enhancements/fy0730/90157543-d.html">http://www.loc.gov/catdir/enhancements/fy0730/90157543-d.html</a>
856 42 - ELECTRONIC LOCATION AND ACCESS
Materials specified Contributor biographical information
Uniform Resource Identifier <a href="http://www.loc.gov/catdir/enhancements/fy0734/90157543-b.html">http://www.loc.gov/catdir/enhancements/fy0734/90157543-b.html</a>
906 ## - LOCAL DATA ELEMENT F, LDF (RLIN)
a 7
b cbc
c copycat
d 4
e ncip
f 19
g y-gencatlg
942 ## - ADDED ENTRY ELEMENTS (KOHA)
Source of classification or shelving scheme Dewey Decimal Classification
Koha item type Book
Suppress in OPAC No
Holdings
Date last seen Total checkouts Full call number Barcode Price effective from Koha item type Lost status Source of classification or shelving scheme Damaged status Not for loan Collection Withdrawn status Home library Current library Shelving location Date acquired Cost, normal purchase price
01/15/2026   742 POW 7707 10/26/2021 Book   Dewey Decimal Classification     Communication Design   Marium Abdulla Library Marium Abdulla Library Non-Ref 08/03/2014 2000.00
01/15/2026   742 POW 11876 10/26/2021 Book   Dewey Decimal Classification     Communication Design   Marium Abdulla Library Marium Abdulla Library Non-Ref 08/04/2014 200.00
01/15/2026   742 POW 12169 10/26/2021 Book   Dewey Decimal Classification     Communication Design   Marium Abdulla Library Marium Abdulla Library Non-Ref 10/21/2014 200.00
01/15/2026   742 POW 12360 10/26/2021 Book   Dewey Decimal Classification     Communication Design   Marium Abdulla Library Marium Abdulla Library Non-Ref 08/03/2014 200.00